000 00526pab a2200205 454500
008 180718b2007 xxu||||| |||| 00| 0 eng d
100 _aKim, Haejin
245 _aThe Korean economic crisis and working women
260 _c2007
300 _ap.190-208.
362 _aMay
650 _aWomen workers - Korea
650 _aWomen - Korea
650 _aEconomic recession - Korea
650 _aEconomic recession
700 _aVoos, Paula B.
773 _aJournal of Contemporary Asia
908 _aN
909 _a75282
999 _c75282
_d75282